Detalles MARC
| 000 -CABECERA |
| campo de control de longitud fija |
02522cam a2200325 i 4500 |
| 001 - NÚMERO DE CONTROL |
| campo de control |
114216 |
| 003 - IDENTIFICADOR DEL NÚMERO DE CONTROL |
| campo de control |
DR-UNIBE |
| 005 - FECHA Y HORA DE LA ÚLTIMA TRANSACCIÓN |
| campo de control |
20251117100355.0 |
| 007 - CAMPO FIJO DE DESCRIPCIÓN FÍSICA--INFORMACIÓN GENERAL |
| campo de control de longitud fija |
@ cr nn 008mamaa |
| 008 - DATOS DE LONGITUD FIJA--INFORMACIÓN GENERAL |
| campo de control de longitud fija |
251117s2026 xxu a sb 001 0 eng |
| 020 ## - NÚMERO INTERNACIONAL ESTÁNDAR DEL LIBRO |
| Número Internacional Estándar del Libro |
9780135319390 (electrónico) |
| 040 ## - FUENTE DE LA CATALOGACIÓN |
| Centro catalogador/agencia de origen |
DLC |
| Lengua de catalogación |
spa |
| Centro/agencia transcriptor |
DLC |
| Normas de descripción |
rda |
| Centro/agencia modificador |
BIBLIOTECA UNIBE |
| 041 ## - CÓDIGO DE LENGUA |
| Código de lengua del texto/banda sonora o título independiente |
eng |
| 100 ## - ENTRADA PRINCIPAL--NOMBRE DE PERSONA |
| Nombre de persona |
Cook, Roy A. |
| Término indicativo de función/relación |
autor |
| 9 (RLIN) |
199472 |
| 100 ## - ENTRADA PRINCIPAL--NOMBRE DE PERSONA |
| Nombre de persona |
Hsu, Cathy H. C. |
| Término indicativo de función/relación |
autor |
| 9 (RLIN) |
199475 |
| 100 ## - ENTRADA PRINCIPAL--NOMBRE DE PERSONA |
| Nombre de persona |
Taylor, Lorraine L. |
| Término indicativo de función/relación |
autor |
| 9 (RLIN) |
200845 |
| 245 10 - MENCIÓN DE TÍTULO |
| Título |
Tourism : the business of hospitality and travel |
| 250 ## - MENCIÓN DE EDICIÓN |
| Mención de edición |
Séptima edición |
| 260 ## - PUBLICACIÓN, DISTRIBUCIÓN, ETC. |
| Lugar de publicación, distribución, etc. |
Hoboken : |
| Nombre del editor, distribuidor, etc. |
Pearson, |
| Fecha de publicación, distribución, etc. |
2026 |
| 300 ## - DESCRIPCIÓN FÍSICA |
| Extensión |
208 páginas |
| 500 ## - NOTA GENERAL |
| Nota general |
Recurso en línea: Disponible para miembros de UNIBE a través del portal web del CRAI: https://www.unibe.edu.do/biblioteca/libros-electronicos/ |
| 505 ## - NOTA DE CONTENIDO CON FORMATO |
| Nota de contenido con formato |
PART 1: THE TRAVELING PUBLIC AND TOURISM PROMOTERS |<br/>1. Introducing the world’s largest industry, tourism |<br/>2. Marketing to the traveling public |<br/>3. Delivering quality tourism services |<br/>4. Bringing travelers and tourism service suppliers together |<br/>5. Capturing technology’s competitive advantages |<br/>PART 2: TOURISM SERVICE SUPPLIERS |<br/>6. Transportation |<br/>7. Accommodations |<br/>8. Food and beverage |<br/>9. Attractions and entertainment |<br/>10. Destinations |<br/>PART 3: THE TOURISM ENVIRONMENT |<br/>11. Economic and political impacts of tourism |<br/>12. Environmental and social/cultural impacts of tourism |<br/>13. Sustaining tourism’s benefits |<br/>14. The future of tourism |<br/> |
| 520 #3 - SUMARIO, ETC. |
| Sumario, etc. |
Tourism: The Business of Hospitality and Travel examines tourism through a business lens, considering the management, marketing, and finance issues most important to the industry. Conversational and fun to read, it uses cases and real examples to provide a holistic, global view of the tourism business. The 7th Edition explores trends across industry segments, with a new emphasis on the business/leisure travel market. Drawing on expanded academic research, it weighs the economic, political, environmental, and social/cultural impacts of tourism, as well as the critical issue of sustainability. International practices and perspectives are now more present, with multiple new examples. |
| 650 #7 - PUNTO DE ACCESO ADICIONAL DE MATERIA--TÉRMINO DE MATERIA |
| Término de materia o nombre geográfico como elemento de entrada |
Turismo |
| Fuente del encabezamiento o término |
lemb |
| 650 #7 - PUNTO DE ACCESO ADICIONAL DE MATERIA--TÉRMINO DE MATERIA |
| Término de materia o nombre geográfico como elemento de entrada |
Viajes |
| Fuente del encabezamiento o término |
lemb |
| 653 00 - TÉRMINO DE INDIZACIÓN--NO CONTROLADO |
| Término no controlado |
Hostelería |
| 655 ## - TÉRMINO DE INDIZACIÓN--GÉNERO/FORMA |
| Datos o término principal de género/forma |
Recurso electrónico |
| 9 (RLIN) |
42681 |
| 856 ## - LOCALIZACIÓN Y ACCESO ELECTRÓNICOS |
| Identificador Uniforme del Recurso |
<a href="https://ezproxy.unibe.edu.do/login?url=https://bc.vitalsource.com/tenants/unibewolterskluwerhealth/libraries?bookmeta_vbid=9780135319390">https://ezproxy.unibe.edu.do/login?url=https://bc.vitalsource.com/tenants/unibewolterskluwerhealth/libraries?bookmeta_vbid=9780135319390</a> |
| 942 ## - ELEMENTOS DE PUNTO DE ACCESO ADICIONAL (KOHA) |
| Fuente del sistema de clasificación o colocación |
Sistema de Clasificación Decimal Dewey |
| Tipo de ítem Koha |
e-Libro (en línea) |